|
|
|
|
| LEADER |
00000nam2a2200000 4500 |
| 001 |
353315 |
| 005 |
20231102010600.0 |
| 035 |
|
|
|a (RuTPU)RU\TPU\retro\10510
|
| 035 |
|
|
|a RU\TPU\retro\10468
|
| 090 |
|
|
|a 353315
|
| 100 |
|
|
|a 20200326d1960 k y0rusy50 ca
|
| 101 |
0 |
|
|a rus
|
| 102 |
|
|
|a RU
|
| 105 |
|
|
|a a z 001zy
|
| 200 |
0 |
|
|a Т. 108 : Геология и перспективы нефтегазоносности низовьев реки Лена
|f Т. М. Емельянцев, А. И. Кравцова, П. С. Пук
|g под ред. И. С. Грамберга
|
| 210 |
|
|
|d 1960
|
| 215 |
|
|
|a 145 с.
|c ил.
|e 3 вкл.
|
| 320 |
|
|
|a Библиогр.: с. 144
|
| 461 |
|
1 |
|0 (RuTPU)RU\TPU\retro\9371
|t Труды Научно-исследовательского института геологии Арктики
|o [сборник трудов]
|f Научно-исследовательский институт геологии Арктики (НИИГА)
|v Т. 108 : Геология и перспективы нефтегазоносности низовьев реки Лена
|d 1950-
|
| 606 |
1 |
|
|a Геология
|y Арктика
|2 stltpush
|3 (RuTPU)RU\TPU\subj\6099
|9 34058
|
| 606 |
1 |
|
|a Нефтегазоносность
|2 stltpush
|3 (RuTPU)RU\TPU\subj\45590
|9 64783
|
| 610 |
1 |
|
|a физическая география
|
| 610 |
1 |
|
|a река Лена
|
| 610 |
1 |
|
|a геологическая изученность
|
| 610 |
1 |
|
|a стратиграфия
|
| 610 |
1 |
|
|a орогидрография
|
| 610 |
1 |
|
|a литология
|
| 610 |
1 |
|
|a фации
|
| 610 |
1 |
|
|a пермские отложения
|
| 610 |
1 |
|
|a палеогеография
|
| 610 |
1 |
|
|a осадкообразование
|
| 610 |
1 |
|
|a перспективы
|
| 675 |
|
|
|a 55(98)
|v 3
|
| 675 |
|
|
|a 553.98
|v 3
|
| 700 |
|
1 |
|a Емельянцев
|b Т. М.
|
| 701 |
|
1 |
|a Кравцова
|b А. И.
|
| 701 |
|
1 |
|a Пук
|b П. С.
|
| 702 |
|
1 |
|a Грамберг
|b И. С.
|4 340
|
| 801 |
|
1 |
|a RU
|b 63413507
|c 20141121
|
| 801 |
|
2 |
|a RU
|b 63413507
|c 20200326
|g RCR
|
| 942 |
|
|
|c BK
|